| 000 | 00709nam a2200229 a 4500 | ||
|---|---|---|---|
| 005 | 20240113063653.0 | ||
| 008 | 020116s1999 mx r 000 0 spa d | ||
| 020 | _a9586821196 | ||
| 035 | _aUPN01000114585 | ||
| 049 | _aCG | ||
| 050 | 4 |
_aP96 _bL6.6 1999 |
|
| 100 | 1 | _aLópez, Alejandro | |
| 245 | 1 | 0 |
_aPsicología de la comunicación : _btextos y ejercicios / _cAlejandro López, Andrea Parada, Franco Simonetti. |
| 250 | _a4a ed. | ||
| 260 |
_aSanta Fé de Bogotá : _bAlfaomega, _c1999. |
||
| 300 | _a244 p. | ||
| 650 | 4 |
_aCOMUNICACION - _xASPECTOS PSICOLOGICOS _99543 |
|
| 650 | 4 |
_aComunicación _99285 |
|
| 700 | 1 |
_aParada, Andrea, _ecoaut. |
|
| 700 | 1 |
_aSimonetti, Franco, _ecoaut. |
|
| 905 | _aLibro | ||
| 999 |
_c88491 _d88491 |
||